Estadísticas para Unidades Científicas Internacionales

Haz click aquí para intentar la prueba.

Estadísticas generales

  • Esta prueba ha sido intentada 974 veces
  • La puntuación promedio es 23 de 49

Estadísticas de respuestas

AbreviaciónUnidad o Prefijo% Correcto
kKilo
99%
kgKilogramo
98%
mMetro
98%
molMol
92%
°CGrado Celsius
85%
HzHertz
80%
sSegundo
76%
cCenti
73%
AAmperio
72%
JJoule
71%
WVatio
70%
mMilli
69%
dDeci
68%
KKelvin
65%
nNano
65%
µMicro
63%
PaPascal
63%
daDeca
62%
MMega
62%
GGiga
61%
radRadián
60%
TTera
59%
hHecto
58%
NNewton
57%
VVoltio
54%
ΩOhmio
43%
pPico
42%
PPeta
37%
ZZetta
33%
cdCandela
32%
WbWeber
27%
CCulombio
26%
FFaradio
24%
YYotta
24%
fFemto
22%
TTesla
21%
lmLumen
19%
lxLux
19%
EExa
18%
aAtto
16%
srEstereorradián
15%
SSiemens
14%
SvSievert
14%
BqBecquerelio
13%
yYocto
13%
GyGray
12%
HHenrio
12%
zZepto
12%
katKatal
9%

Distribución de puntuación

Porcentaje por número respondido

Porcentaje de gente con cada puntuación

Historial de tus puntuaciones

No has intentado esta prueba.